Statistics for First level/second level administrative divisions of Bosnia and Herzegovina

Click here to take the quiz!

General Stats

  • This quiz has been taken 159 times
  • The average score is 9 of 20

Answers on the Map

Answers color-coded by a green-red scale on the quiz's map according to % correct below.
 

Answer Stats

Division% Correct
Sarajevo
84%
Brčko
82%
Tuzla
65%
Republika Srpska
64%
Banja Luka
61%
Federation of Bosnia and Herzegovina
57%
Herzegovina-Neretva
51%
Posavina
46%
Canton 10
45%
Doboj
44%
Una-Sana
44%
Trebinje
42%
Bijeljina
41%
Zenica-Doboj
40%
Foča
35%
West Herzegovina
35%
Central Bosnia
34%
Istočno Sarajevo
26%
Bosnian Podrinje
23%
Vlasenica
14%

Score Distribution

Percentile by Number Answered

Percent of People with Each Score

Your Score History

You have not taken this quiz